| 000 | 00456nam a2200157 4500 | ||
|---|---|---|---|
| 001 | 7538 | ||
| 005 | 20250814111143.0 | ||
| 008 | 250813b |||||||| |||| 00| 0 eng d | ||
| 020 | _a9780674094853 | ||
| 082 | _a820.936 MOR | ||
| 100 | _aMorton,Timothy. | ||
| 245 | 0 | 4 |
_aEcology without nature : _brethinking environmental aesthetics. |
| 260 |
_aLondon : _bHarward University Press, _c2007. |
||
| 300 |
_aviii, 239 p. : _c24 cm. _bill. ; |
||
| 942 |
_2ddc _cMAIN |
||
| 999 |
_c10492 _d10493 |
||